000 00805nam a2200253Ia 4500
003 OSt
005 20220923222952.0
006 a|||||r|||| 00| 0
007 ta
008 220922b |||||||| |||| 00| 0 hin d
024 _a209,284
037 _cTextual
040 _aARTS
_cARTS
_bhin
041 _2hin
_ahin
082 _aO152,3N591,NT, M6
100 _aप्रदीप कुमार
245 0 _aनारी तुम श्रद्धा हो
246 _aNārī tum shraddhā ho
260 _aदिल्ली
_b राज पब्लि हा0
_c1986
300 _a216पृ.
_ccm.
650 _aहिन्दी साहित्य
_9156264
942 _hO152,3N591,NT, M6
_cTEXL
_2CC
999 _c359857
_d359857